Complete family wealth /

"Complete Family Wealth is a comprehensive resource for growing, maintaining, and managing wealth across generations. A successor to the classic Family Wealth, now in its 20th year, this book provides updated and expanded guidance to change the way you think about your wealth and legacy. This t...

Full description

Bibliographic Details
Main Authors: Hughes, James E., Jr (Author), Massenzio, Susan E. (Author), Whitaker, Albert Keith (Author)
Format: eBook
Language:English
Published: Hoboken, New Jersey : Wiley, [2018]
Subjects:
Online Access:Connect to the full text of this electronic book

MARC

Tag First Indicator Second Indicator Subfields
LEADER 00000nam a2200000 i 4500
001 in00005690213
005 20260215000846.0
006 m o d
007 cr cnu|||unuuu
008 171102s2018 nju o 001 0 eng d
035 |a wil6005422 
035 |a (NhCcYBP)wil6005422 
040 |a NhCcYBP  |b eng  |e rda  |c NhCcYBP 
020 |a 9781119453253  |q (electronic bk.) 
020 |a 1119453259  |q (electronic bk.) 
020 |a 9781119453239  |q (electronic bk.) 
020 |a 1119453232  |q (electronic bk.) 
020 |a 9781119453185  |q (electronic bk.) 
020 |a 1119453186  |q (electronic bk.) 
020 |z 9781119453215 
037 |a 55A8C92F-8B98-429A-96F2-B16FD690D693  |b OverDrive, Inc.  |n http://www.overdrive.com 
043 |a n-us--- 
050 4 |a HG179  |b .H84 2018 
072 7 |a BUS  |x 027000  |2 bisacsh 
082 0 4 |a 332.024/01  |2 23 
100 1 |a Hughes, James E.,  |c Jr,  |e author. 
245 1 0 |a Complete family wealth /  |c James E. Hughes, Jr., Susan E. Massenzio, Keith Whitaker. 
264 1 |a Hoboken, New Jersey :  |b Wiley,  |c [2018] 
264 4 |c ©2018 
300 |a 1 online resource 
336 |a text  |b txt  |2 rdacontent 
337 |a computer  |b c  |2 rdamedia 
338 |a online resource  |b cr  |2 rdacarrier 
588 0 |a Online resource; title from PDF title page (EBSCO, viewed November 3, 2017). 
500 |a Includes index. 
520 |a "Complete Family Wealth is a comprehensive resource for growing, maintaining, and managing wealth across generations. A successor to the classic Family Wealth, now in its 20th year, this book provides updated and expanded guidance to change the way you think about your wealth and legacy. This team of expert authors--who brought the field not only Family Wealth but also Family the Compact, The Cycle of the Gift, The Voice of the Rising Generation, and Family Trusts--ground Complete Family Wealth in a clear account of the "five capitals": human, intellectual, social, spiritual, and financial. The discussion covers the "what," "who," and "how" of family wealth management in clearly-delineated chapters that allow you to dip in as needed, from the principles of family enterprise to family governance, philanthropy, and more. Each family member plays a distinct role, and by exploring each member's responsibilities in terms of the family enterprise, this book provides insights and ideas for real-world families struggling with all-too-common challenges"--Provided by publisher 
650 0 |a Families  |x Economic aspects  |z United States. 
650 0 |a Finance, Personal  |z United States. 
650 0 |a Estate planning  |z United States. 
650 0 |a Family trusts. 
650 0 |a Generations. 
650 0 |a Wealth. 
655 4 |a Electronic books. 
700 1 |a Massenzio, Susan E.,  |e author. 
700 1 |a Whitaker, Albert Keith,  |e author. 
776 0 |z 1119453216 
856 4 0 |u http://proxy.library.tamu.edu/login?url=https://onlinelibrary.wiley.com/book/10.1002/9781119453239  |z Connect to the full text of this electronic book  |t 0 
955 |a Wiley EBA record 
975 |p Wiley UBCM Full Collection 
976 |a 6005422 
999 f f |i 76da3e2a-463b-43c4-9976-19033766807a  |s 3b63b5f6-8ec3-4383-b461-db47909887bb  |t 0 
952 f f |a Texas A&M University  |b College Station  |c Electronic Resources  |s evans_pda  |d Available Online  |t 0  |e HG179 .H84 2018  |h Library of Congress classification 
998 f f |a HG179 .H84 2018  |t 0  |l Available Online